| 000 | 00568nam a2200169 a 4500 | ||
|---|---|---|---|
| 001 | 000027652 | ||
| 005 | 20200930031007.0 | ||
| 008 | 110404nuuuuuuuudr a 000 | spa d | ||
| 040 |
_aDO-SdBNP _bspa _cBNPHU |
||
| 082 |
_axxxx _bM433a |
||
| 100 | 1 |
_aMatos G., Ramiro, _938533 |
|
| 245 | 1 | 0 |
_aAntecedentes históricos y cronología militar de la Independencia / _cRamiro Matos G. , José M. Soto J. |
| 260 |
_aSanto Domingo : _bCacique, _c[19--?]. |
||
| 300 |
_a448 p. : _bil., map. ; _c22 cm. |
||
| 504 | _aBibliografía : p. 446-447 | ||
| 700 | 1 |
_aSoto J., José M. _938534 |
|
| 999 |
_c27144 _d27144 |
||